Apartmány Technik
Enregistré dans:
| Auteur principal: | |
|---|---|
| Autres auteurs: | |
| Format: | Manuscrit Livre |
| Langue: | slovaque |
| Publié: |
Bratislava
2015
|
| Sujets: | |
| Accès en ligne: | http://is.stuba.sk/zp/portal_zp.pl?podrobnosti=93872 |
| Tags: |
Pas de tags, Soyez le premier à ajouter un tag!
|
MARC
| LEADER | 00000ntm a22000003a 4500 | ||
|---|---|---|---|
| 001 | stuzp52403 | ||
| 003 | SK-STU | ||
| 005 | 20210226080712.0 | ||
| 007 | ta | ||
| 008 | 150427s2015----xo-----f-mn---000-0-slo-d | ||
| 040 | |a STU |b slo | ||
| 041 | 0 | |a slo | |
| 100 | 1 | |a Kőváry, Jozef |u 054140 |4 aut |U FAD Fakulta architektúry |T FA Ústav konštrukcií v architektúre a inžinierskych stavieb |X 62014 |U A4140 |Y 395 |7 62014 | |
| 242 | 0 | 1 | |a Apartments Technik |y eng |
| 245 | 1 | 0 | |a Apartmány Technik |
| 260 | |c 2015 |a Bratislava | ||
| 650 | 4 | |a výstavný priestor |2 slo | |
| 650 | 4 | |a hotelové izby |2 slo | |
| 650 | 4 | |a apartmány |2 slo | |
| 650 | 4 | |a hotel rooms |2 eng | |
| 650 | 4 | |a apartment rooms |2 eng | |
| 650 | 4 | |a gallery |2 eng | |
| 700 | 1 | |a Baláž, Jozef, |d 1978- |4 ths |X 4847 |7 A000004847 | |
| 856 | 4 | |u http://is.stuba.sk/zp/portal_zp.pl?podrobnosti=93872 |u https://opac.crzp.sk/?fn=detailBiblioForm&sid=367CD704F5D5570C76EEF8DE3652 | |
| SQL | |a stuzp52403 |b DBP |c SLO |d Apartmány Technik |e 62014 |f Kőváry, Jozef |g 054140 |h 4847 |i Baláž, Jozef |j 20150612 |k 149 |l 05 |m http://is.stuba.sk/zp/portal_zp.pl?podrobnosti=93872 |n B-AU |o 5.1.1. architektúra a urbanizmus | ||